000 00706nam a2200289Ia 4500
005 20260324140422.0
008 008 260324s9999 xx 000 0 eng d
020 _a9780429426698
037 _aEBOOK
040 _aCRL
040 _beng
040 _cCRL
041 _2eng
041 _aeng
084 _qCRL
100 _aSandra Walklate; Karen Evans
_91204315
245 0 _aZero Tolerance or Community Tolerance?
245 0 _bManaging Crime in High Crime Areas
260 _bTaylor and Francis
260 _c1999
365 _a
365 _b150
856 _uhttp://www.taylorfrancis.com/books/9780429426698
942 _cEBOOK
999 _c1806386
_d1806386